00477nam a22001577a 450000500170000000800410001702000180005804100130007608200140008910000250010324500640012825000180019226000480021030000350025865000260029320231101104421.0231101b |||||||| |||| 00| 0 eng d a9780702172632 aEnglish  a346.7 GER aGering, L lEnglish  aHandbook on the Law of Negotiable Instruments / cL Gering  aThird Edition aCape Town : bJuta and Company Ltd, c2007  bxxix, 458 pages ; c25, 5 cm.  aLegal practice bLaw